000 00756nam a2200289Ia 4500
005 20260324120352.0
008 008 260324s9999 xx 000 0 eng d
020 _a9780429092077
037 _aEBOOK
040 _aCRL
040 _beng
040 _cCRL
041 _2eng
041 _aeng
084 _qCRL
100 _aConcepcion Domingo Pascual; Pascale Subra-Paternault
_91158286
245 0 _aSupercritical Fluid Nanotechnology
245 0 _bAdvances and Applications in Composites and Hybrid Nanomaterials
260 _bTaylor and Francis
260 _c2015
365 _a
365 _b260
856 _uhttp://www.taylorfrancis.com/books/9780429092077
942 _cEBOOK
999 _c1749789
_d1749789